000 00723nam a2200289Ia 4500
005 20260324145028.0
008 008 260324s9999 xx 000 0 eng d
020 _a9780429355714
037 _aEBOOK
040 _aCRL
040 _beng
040 _cCRL
041 _2eng
041 _aeng
084 _qCRL
100 _aWilson Luquire
_91220815
245 0 _aExperiences of Library Network Administrators
245 0 _bPapers Based on the Symposium 'From Our Past, Toward 2000'
260 _bTaylor and Francis
260 _c1985
365 _a
365 _b110
856 _uhttp://www.taylorfrancis.com/books/9780429355714
942 _cEBOOK
999 _c1828852
_d1828852